书目信息 |
| 题名: |
产业布局学原理
|
|
| 作者: | ;中国人民大学区域经济研究所 编著 | |
| 分册: | ||
| 出版信息: | 北京 中国人民大学出版社 2003 |
|
| 页数: | 447页 | |
| 开本: | 20cm | |
| 丛书名: | ||
| 单 册: | ||
| 中图分类: | F207 | |
| 科图分类: | ||
| 主题词: | 生产布局--研究 , 生产布局 | |
| 电子资源: | ||
| ISBN: | 7-300-02228-6 | |
| 000 | 00810nam0 2200241 450 | |
| 000 | 00823nam0 2200241 450 | |
| 000 | 00756nam0 2200217 450 | |
| 000 | 00720nam0 2200205 45 | |
| 005 | 20070610110037.21 | |
| 010 | @a7-300-02228-6@dCNY18.00 | |
| 100 | @a20070608e2003 em y0chiy0120 ea | |
| 101 | 0 | @achi |
| 102 | @aCN@b110000 | |
| 105 | @ay z 000yy | |
| 200 | 1 | @a产业布局学原理@AChan Ye Bu Ju Xue Yuan Li@f中国人民大学区域经济研究所编著@FZhong Guo Ren Min Da Xue Qu Yu Jing Ji Yan Jiu Suo Bian Zhu |
| 210 | @a北京@c中国人民大学出版社@d2003 | |
| 215 | @a447页@d20cm | |
| 606 | 0 | @a生产布局@x研究 |
| 606 | 0 | @a生产布局 |
| 690 | @aF207@v4 | |
| 711 | 02 | @a中国人民大学区域经济研究所@AZhong Guo Ren Min Da Xue Qu Yu Jing Ji Yan Jiu Suo@4编著 |
| 801 | 0 | @aCN@bTAOJIN@c20070610 |
| 905 | @a10447@dF207@e62 | |
| 产业布局学原理/中国人民大学区域经济研究所编著.-北京:中国人民大学出版社,2003 |
| 447页;20cm |
| ISBN 7-300-02228-6:CNY18.00 |
| ● |
| 相关链接 |
|
|
|
|
正题名:产业布局学原理
索取号:F207/62
 
预约/预借
| 序号 | 登录号 | 条形码 | 馆藏地/架位号 | 状态 | 备注 |
| 1 | 0527900 | 205279009 | 第一样本阅览室/ [索取号:F207/62] | 在馆 | |
| 2 | 0527901 | 205279018 | 密集书库/ [索取号:F207/62] | 在馆 | |
| 3 | 0527902 | 205279027 | 密集书库/ [索取号:F207/62] | 在馆 | |
| 4 | 0527903 | 205279036 | 第一借阅区/ [索取号:F207/62] | 在馆 | |
| 5 | 0527904 | 205279045 | 第一借阅区/ [索取号:F207/62] | 在馆 | |
| 6 | 0527905 | 205279054 | 第一借阅区/ [索取号:F207/62] | 在馆 | |
| 7 | 0527906 | 205279063 | 第一借阅区/ [索取号:F207/62] | 在馆 | |
| 8 | 0527907 | 205279072 | 密集书库/ [索取号:F207/62] | 在馆 |